مكتبة جامعة عجلون الوطنية

فهرس بحث المكتبة

دور القرائن في الإثبات حسب القانون الأردني= The Role of Presumptions in Evidence According to Jordanian Law / (Record no. 34000)

MARC details
000 -LEADER
fixed length control field 01060nam a22002057a 4500
003 - CONTROL NUMBER IDENTIFIER
control field JO-AjAnu
005 - DATE AND TIME OF LATEST TRANSACTION
control field 20250929131318.0
008 - FIXED-LENGTH DATA ELEMENTS--GENERAL INFORMATION
fixed length control field 250928b jo ||||| |||| 00| 0 ara d
040 ## - CATALOGING SOURCE
Original cataloging agency JO-AjAnu
Language of cataloging ara
Transcribing agency JO-AjAnu
Modifying agency JO-AjAnu
Description conventions rda
041 #0 - LANGUAGE CODE
Language code of text/sound track or separate title ara
Language code of original ara
050 ## - LIBRARY OF CONGRESS CALL NUMBER
Classification number KMM177
Item number 2025
100 #1 - MAIN ENTRY--PERSONAL NAME
Personal name الربابعة، صالح علي صالح
Relator term معد
9 (RLIN) 66679
245 #0 - TITLE STATEMENT
Title دور القرائن في الإثبات حسب القانون الأردني= The Role of Presumptions in Evidence According to Jordanian Law /
Statement of responsibility, etc. اعداد صالح علي صالح الربابعة ؛ اشراف زياد محمد الوحشات
260 ## - PUBLICATION, DISTRIBUTION, ETC.
Place of publication, distribution, etc. 2025
300 ## - PHYSICAL DESCRIPTION
Extent 89 ورقة
504 ## - BIBLIOGRAPHY, ETC. NOTE
Bibliography, etc. note رسالة جامعية( رسالة ماجستير في القانون)- جامعة عجلون الوطنية(عجلون،الاردن)-كلية الحقوق، قسم القانون، 2025.
650 70 - SUBJECT ADDED ENTRY--TOPICAL TERM
Topical term or geographic name entry element الادلة القانونية- الاثبات- القاون الاردني.
9 (RLIN) 66680
700 #1 - ADDED ENTRY--PERSONAL NAME
Personal name الوحشات، زياد محمد
9 (RLIN) 64909
Relator term مشرف
942 ## - ADDED ENTRY ELEMENTS (KOHA)
Source of classification or shelving scheme Library of Congress Classification
Koha item type Thesis
Suppress in OPAC No
Holdings
Withdrawn status Lost status Source of classification or shelving scheme Damaged status Not for loan Home library Current library Date acquired Total Checkouts Full call number Barcode Date last seen Price effective from Koha item type
    Library of Congress Classification     مكتبة جامعة عجلون الوطنية مكتبة جامعة عجلون الوطنية 28/09/2025   KMM177 2025 a30370 28/09/2025 28/09/2025 Thesis
    Library of Congress Classification     مكتبة جامعة عجلون الوطنية مكتبة جامعة عجلون الوطنية 28/09/2025   KMM177 2025 a30369 28/09/2025 28/09/2025 Thesis